St Gregory's Minster, Kirkdale, North Yorkshire : archaeological investigations and historical context /
The result of c. 20 years of work on and around the church of St Gregory's Minster, Kirkdale, North Yorkshire, this work is concerned primarily with the 8th century onwards, but also extends the time-period of this isolated site, particularly for the post-Roman to middle Saxon period, but also...
المؤلفون الرئيسيون: ,
التنسيق: كتاب الكتروني
اللغة: English
منشور في:
Oxford :
Archaeopress Archaeology,
2021.
الموضوعات:
الوصول للمادة أونلاين: Login to view Source
الوسوم: إضافة وسم
رقم الطلب: DA690
| LEADER | 02148nam a2200421 i 4500 | ||
|---|---|---|---|
| 001 | EDZ0002717398 | ||
| 003 | StDuBDS | ||
| 005 | 20230412182735.0 | ||
| 006 | m|||||o||d|||||||| | ||
| 007 | cr ||||||||||| | ||
| 008 | 201026s2021 enkab fob 000|0|eng|d | ||
| 020 | |a 9781789694833 (ebook) : |c No price | ||
| 040 | |a StDuBDS |b eng |c StDuBDS |e rda |e pn | ||
| 050 | 4 | |a DA690 | |
| 082 | 0 | 4 | |a 942.846 |2 23 |
| 100 | 1 | |a Rahtz, Philip A., |e author. | |
| 245 | 1 | 0 | |a St Gregory's Minster, Kirkdale, North Yorkshire : |b archaeological investigations and historical context / |c Philip Rahtz and Lorna Watts with major contributions by R. Bailey, E. Craig-Atkins and J. Senior ; and other contributions by A. Aspinall [and six others]. |
| 264 | 1 | |a Oxford : |b Archaeopress Archaeology, |c 2021. | |
| 300 | |a 1 online resource (x, 328 pages) : |b illustrations (black and white), maps (black and white) | ||
| 336 | |a text |2 rdacontent | ||
| 336 | |a still image |2 rdacontent | ||
| 336 | |a cartographic image |2 rdacontent | ||
| 337 | |a computer |2 rdamedia | ||
| 338 | |a online resource |2 rdacarrier | ||
| 500 | |a Also issued in print: 2021. | ||
| 504 | |a Includes bibliographical references. | ||
| 520 | 8 | |a The result of c. 20 years of work on and around the church of St Gregory's Minster, Kirkdale, North Yorkshire, this work is concerned primarily with the 8th century onwards, but also extends the time-period of this isolated site, particularly for the post-Roman to middle Saxon period, but also as an earlier probably religious landscape. | |
| 521 | |a Specialized. | ||
| 588 | |a Description based on online resource; title from PDF title page (viewed on March 8, 2022). | ||
| 610 | 2 | 0 | |a St. Gregory's Minster (England) |
| 651 | 0 | |a Kirkdale (England) |x Antiquities. | |
| 650 | 0 | |a Excavations (Archaeology) |z England |z Kirkdale. | |
| 700 | 1 | |a Watts, Lorna, |e author. | |
| 776 | 0 | 8 | |i Print version : |z 9781789694826 |
| 856 | 4 | 0 | |3 Archaeopress |u http://library.arce.org:8087/Archaeopress/Products/9781789694826 |
| 942 | |2 lcc |c EBOOK | ||
| 952 | |0 0 |1 0 |4 0 |6 DA0690 |7 1 |9 46658 |a ARCH |b ARCH |d 2023-04-12 |l 0 |o DA690 |r 2023-04-12 00:00:00 |w 2023-04-12 |y EBOOK | ||
| 999 | |c 52316 |d 52316 | ||
